| 000 | 01045nam a2200229 a 4500 | ||
|---|---|---|---|
| 001 | BRCA_8854 | ||
| 005 | 20190320210433.0 | ||
| 008 | 160517s1797----sp-#######---#000-0#spa-# | ||
| 041 | _aspa | ||
| 044 | _asp | ||
| 084 |
_aBE237 _b.T67 1797 |
||
| 100 | 1 |
_aTorrubia, Pedro Thomas _922050 |
|
| 245 | 1 | 0 |
_aPractica de los exercicios espirituales de S. Ignacio de Loyola, fundador de la compañía de Jesús _bparte primera: contiene las meditaciones, oraciones vocales, lecciones, exámenes, & c. con método aplicable á exercicios, así públicos como privados _cpor el P. Pedro Thomas Torrubia de la Compañía de Jesús. |
| 260 |
_aAlcala _bEn la Imprenta y Librería de D. Isidro Lopez _c1797 |
||
| 300 |
_a598 p. (t.1) _c15.4 x 10.5 cm |
||
| 500 | _aCon las licencias necesarias | ||
| 500 | _aEstado físico: presenta encuadernación en pergamino, con lomo semi desprendido y con anotación en canto de frente | ||
| 650 | 1 | 4 |
_aEjercicios espirituales _921257 |
| 700 | 1 |
_aLópez, Isidro _eImpresor _922051 |
|
| 902 | _aCFM | ||
| 942 |
_2lcc _cB |
||
| 999 |
_c8505 _d8505 |
||